Un viaje por las cordilleras de Tacna y Arica

Shranjeno v:
Bibliografske podrobnosti
Glavni avtor: Canales, Pedro P. (Author)
Format: Knjiga
Jezik:španščina
Izdano: Santiago Imprenta Fénix 1925
Izdaja:1a. ed
Teme:
Oznake: Označite
Brez oznak, prvi označite!

MARC

LEADER 00000nam a2200000 a 4500
001 UCJ5608
003 CL-VaPUC
008 070124e19250000CL |||||||||||||||||spa|d
082 0 4 |a 910.4  |b CAN  |2 21 
100 0 |a Canales, Pedro P.  |e author  |9 511009 
245 1 3 |a Un viaje por las cordilleras de Tacna y Arica 
250 |a 1a. ed 
300 |a 127 p 
942 |c BK 
945 |d 20070124 00:00:00  |a rinostro 
260 |a Santiago  |b Imprenta Fénix  |c 1925 
500 |a Ilustraciones sin indizar 
650 0 |a Viajes  |9 257115 
650 0 |a Historia  |9 255047 
650 0 |a Geografía  |9 259346 
650 0 |a Antropología   |9 233030 
650 7 |a FOLKLORE  |2 CL-VaPUC  |9 268291 
650 7 |a PLEBISCITO DE TACNA Y ARICA  |2 CL-VaPUC  |9 314887 
650 7 |a MONTONERAS  |2 CL-VaPUC  |9 504218 
650 0 |a Ilustraciones  |9 369481 
651 7 |a TACNA  |2 CL-VaPUC  |9 314889 
651 0 |a Arica  |9 309332 
583 |a last modification  |c 20070124 00:00:00  |k Rodrigo Vera 
999 |c 321717  |d 321715 
952 |0 0  |1 0  |4 0  |6 910_400000000000000_CAN_1925  |7 0  |8 X  |9 400542  |a FDOBUD  |b FDOBUD  |d 2019-11-22  |i 1037064  |o 910.4 CAN 1925  |p 1037064  |r 2019-11-22  |w 2019-11-22  |y BK_X  |k BUD